Top ten centers of all time - Statistics

General Stats
  • This quiz has been taken 18 times
  • The average score is 7 of 10
Answer Stats
Hint Answer % Correct
1 Kareem Abdul-Jabbar
94%
5 Shaquille O’Neal
88%
3 Wilt Chamberlain
88%
2 Bill Russell
82%
6 Hakeem Olajuwon
82%
7 David Robinson
59%
4 Moses Malone
53%
9 George Mikan
41%
8 Patrick Ewing
41%
10 Bob McAdoo
24%
No matching quizzes found
Score Distribution
Percent of People with Each Score
Percentile by Number Answered
Your Score History
You have not taken this quiz